00527nam a22001577a 450000500170000001000150001702000260003203500140005803700130007208200080008510000230009324501260011626000460024227000590028830000220034720231122111531.0 aENG-135486 a9788195048625c150.00 aEN-119018 bDBAD/PUB a921 aGodbole, Arvind S. aSwatantrya Veer Savarkar:bA Concise Biography/cby Arvind Godbole and translatrd by Shreerang Godbole [and] Rajaram Atre bSamvit Prakashan and Media PVT. LTDc2021 a1585,1654,madarsa road, kashmere gateb Delhie 110006 a105p.;c22cm(pbk)